[Event "ODEM U25A 2011"]
[Site "Oberhof GER"]
[Date "2011.06.12"]
[Round "2"]
[White "Stark, Sven"]
[Black "Hübner, Alan-Ari"]
[Result "1-0"]
[Termination "normal"]
[Board "26"]
[WhiteElo "1857"]
[BlackElo "1625"]
[PlyCount "41"]
[WhiteFideId "4670124"]
[BlackFideId "12903965"]
[EventCountry "GER"]
[EventRounds "9"]
[EventType "swiss"]
[EventDate "2011.06.11"]

1. e4 c5 2. Nf3 e6 3. d4 cxd4 4. Nxd4 Nf6 5. Bd3 d6 6. O-O Be7 7. Nc3 a6 8. Re1
e5 9. Nf3 Be6 10. h3 h6 11. Be3 Nbd7 12. Kh1 b5 13. a3 Rc8 14. Qd2 Nb6 15. Bxb6
Qxb6 16. Rad1 O-O 17. Qe3 Qxe3 18. Rxe3 Rfd8 19. Ree1 Nh5 20. Nd5 Nf6 21. Nxe7+
1-0

[Event "ODEM U25A 2011"]
[Site "Oberhof GER"]
[Date "2011.06.12"]
[Round "2"]
[White "Hoffmann, Dustin"]
[Black "Zimmer, Ketsarin"]
[Result "0-1"]
[Termination "normal"]
[Board "27"]
[WhiteElo "1728"]
[BlackElo "1748"]
[PlyCount "82"]
[WhiteFideId "1270566"]
[BlackFideId "4696182"]
[EventCountry "GER"]
[EventRounds "9"]
[EventType "swiss"]
[EventDate "2011.06.11"]

1. e4 c5 2. Nf3 a6 3. d4 cxd4 4. Nxd4 Nf6 5. Nc3 e5 6. Nb3 Bb4 7. Bd3 O-O 8.
O-O Bxc3 9. bxc3 d5 10. Bg5 dxe4 11. Bxf6 Qxf6 12. Bxe4 Ra7 13. Rb1 b6 14. a4
Rc7 15. Qd2 Bd7 16. a5 b5 17. Rfe1 Rfc8 18. Re3 Nc6 19. Rf3 Qd8 20. Rd1 Bg4 21.
Rd3 Qe8 22. f3 Be6 23. Bxc6 Rxc6 24. Rd8 Rxd8 25. Qxd8 Qf8 26. Rd3 f6 27. Nd2
Qxd8 28. Rxd8+ Kf7 29. Ne4 Ke7 30. Rb8 Bc8 31. g4 Kd7 32. g5 f5 33. Nf2 Kc7 34.
Rb6 Rxb6 35. axb6+ Kxb6 36. Nd3 e4 37. Ne5 a5 38. c4 a4 39. cxb5 Kxb5 40. c4+
Kb4 41. Nc6+ Kxc4 0-1

[Event "ODEM U25A 2011"]
[Site "Oberhof GER"]
[Date "2011.06.12"]
[Round "2"]
[White "Schiefer, Peter"]
[Black "Celmer, Ole"]
[Result "0-1"]
[Termination "normal"]
[Board "28"]
[WhiteElo "1597"]
[BlackElo "1788"]
[PlyCount "80"]
[WhiteFideId "12913200"]
[BlackFideId "24657107"]
[EventCountry "GER"]
[EventRounds "9"]
[EventType "swiss"]
[EventDate "2011.06.11"]

1. d4 Nf6 2. c4 e6 3. Nf3 c5 4. d5 exd5 5. cxd5 d6 6. Nc3 g6 7. e4 a6 8. a4 Bg4
9. Be2 Bxf3 10. Bxf3 Bg7 11. Qb3 Qc7 12. O-O O-O 13. Bg5 Nbd7 14. Bd1 Rfe8 15.
Bc2 Rac8 16. Rae1 Ne5 17. f4 Ned7 18. Qc4 Nb6 19. Qd3 c4 20. Qf3 Nbd7 21. Kh1
Nc5 22. Qh3 Nfd7 23. f5 f6 24. Bh6 Ne5 25. fxg6 hxg6 26. Bxg7 Qxg7 27. g4 Ncd3
28. Rb1 Rc7 29. Ne2 g5 30. Nd4 Qg6 31. Rf5 Qxf5 32. Bxd3 Qxg4 33. Qxg4 Nxg4 34.
Bc2 Nf2+ 35. Kg2 Nxe4 36. Ne6 Rxe6 37. dxe6 Nc5 38. Bf5 Re7 39. Re1 d5 40. Rd1
Nxe6 0-1

[Event "ODEM U25A 2011"]
[Site "Oberhof GER"]
[Date "2011.06.12"]
[Round "2"]
[White "Kast, Joannis"]
[Black "Garbe, Maximilian"]
[Result "1/2-1/2"]
[Termination "normal"]
[Board "29"]
[WhiteElo "1745"]
[BlackElo "1686"]
[PlyCount "131"]
[WhiteFideId "24698776"]
[BlackFideId "12913855"]
[EventCountry "GER"]
[EventRounds "9"]
[EventType "swiss"]
[EventDate "2011.06.11"]

1. e4 e5 2. Nf3 Nc6 3. Bc4 Bc5 4. c3 Nf6 5. d4 exd4 6. cxd4 Bb4+ 7. Bd2 Bxd2+
8. Nbxd2 d5 9. exd5 Nxd5 10. O-O O-O 11. Qb3 Nb6 12. Rfe1 Nxd4 13. Nxd4 Qxd4
14. Bxf7+ Kh8 15. Nf3 Qf6 16. Rad1 Bg4 17. Bd5 Nxd5 18. Qxd5 c6 19. Qe5 Qxe5
20. Rxe5 Bxf3 21. gxf3 Rf7 22. Rde1 Kg8 23. Re7 Raf8 24. Rxf7 Kxf7 25. Kg2 Rd8
26. Re2 Rd5 27. f4 Rd3 28. f3 Rd4 29. Kg3 Rd5 30. h4 h6 31. b3 a6 32. Re5 Rd2
33. Ra5 Kf6 34. Ra4 Rd1 35. Rb4 b5 36. a4 Rg1+ 37. Kh2 Rf1 38. axb5 axb5 39.
Kg2 Rd1 40. Re4 Rd3 41. Re5 Rc3 42. Kg3 b4 43. Re4 Rxb3 44. Rc4 Rb1 45. Rxc6+
Kf5 46. Rc5+ Ke6 47. f5+ Kf6 48. Kf4 Rh1 49. Rc6+ Kf7 50. Kg3 b3 51. Rb6 Rb1
52. Kf4 b2 53. h5 Kf8 54. Rb7 Rh1 55. Rxb2 Rxh5 56. Rb7 Rg5 57. Rc7 Rg1 58. f6
gxf6 59. Kf5 Rf1 60. f4 h5 61. Rh7 Kg8 62. Rxh5 Kg7 63. Rh2 Rf3 64. Rg2+ Kf7
65. Rg6 Rxf4+ 66. Kxf4 1/2-1/2

[Event "ODEM U25A 2011"]
[Site "Oberhof GER"]
[Date "2011.06.12"]
[Round "2"]
[White "Stövesand, Peter"]
[Black "Kardoeus, David"]
[Result "1-0"]
[Termination "normal"]
[Board "30"]
[WhiteElo "1563"]
[BlackElo "1730"]
[PlyCount "105"]
[WhiteFideId "1270624"]
[BlackFideId "12912050"]
[EventCountry "GER"]
[EventRounds "9"]
[EventType "swiss"]
[EventDate "2011.06.11"]

1. e4 e6 2. d4 d5 3. Nc3 Bb4 4. e5 c5 5. Qg4 Ne7 6. Bb5+ Bd7 7. Bxd7+ Nxd7 8.
Be3 Nxe5 9. Qxg7 N5g6 10. Qf6 Nf5 11. Qxd8+ Rxd8 12. O-O-O e5 13. dxc5 Nxe3 14.
fxe3 Bxc3 15. bxc3 O-O 16. Nf3 Rd7 17. Nd2 Rc8 18. Nb3 e4 19. c4 a5 20. a4 Rcd8
21. cxd5 Rxd5 22. Rxd5 Rxd5 23. Rd1 Rg5 24. Nxa5 Rxc5 25. Nxb7 Rc4 26. Rd4 Ne5
27. Nd6 Rxd4 28. exd4 Nc6 29. Nxe4 Nxd4 30. Kd2 Kf8 31. Ng5 h6 32. Nf3 Nc6 33.
Kc3 Ke7 34. Nd4 Ne5 35. Kb4 Kd7 36. Kb5 Kc7 37. a5 Ng4 38. Nf3 Ne3 39. g3 Nxc2
40. Ne5 f5 41. Kc5 Ne3 42. Kd4 Nc2+ 43. Kd5 Ne3+ 44. Ke6 Nf1 45. Nf3 Ne3 46.
Kf6 Kb7 47. Kg6 Ka6 48. Kxh6 Kxa5 49. Kg5 Kb5 50. Kf4 Nf1 51. h4 Kc6 52. h5 Kd6
53. h6 1-0

[Event "ODEM U25A 2011"]
[Site "Oberhof GER"]
[Date "2011.06.12"]
[Round "2"]
[White "Tarakanova, Valeria"]
[Black "Dohmann, Dorothea"]
[Result "0-1"]
[Termination "normal"]
[Board "31"]
[WhiteElo "1740"]
[BlackElo "1797"]
[PlyCount "68"]
[WhiteFideId "24179205"]
[BlackFideId "12915459"]
[EventCountry "GER"]
[EventRounds "9"]
[EventType "swiss"]
[EventDate "2011.06.11"]

1. e4 e5 2. Nf3 Nc6 3. Bb5 Bc5 4. Nxe5 Nxe5 5. d4 c6 6. Ba4 Qh4 7. Nc3 Bb4 8.
O-O Ng6 9. Qf3 Bxc3 10. bxc3 Nf6 11. Ba3 Qf4 12. Qe2 a5 13. g3 Qg5 14. f4 Qg4
15. Qxg4 Nxg4 16. f5 Ne7 17. h3 Ne3 18. Rf3 Nc4 19. Bxe7 Kxe7 20. Bb3 Nd2 21.
Rf4 a4 22. Bxf7 Kxf7 23. a3 Re8 24. e5 Ra5 25. g4 Rb5 26. g5 Rb1+ 27. Rxb1 Nxb1
28. f6 g6 29. Rh4 Rh8 30. d5 b5 31. c4 Nxa3 32. cxb5 cxb5 33. Rb4 Ba6 34. c3
Nc4 0-1

[Event "ODEM U25A 2011"]
[Site "Oberhof GER"]
[Date "2011.06.12"]
[Round "2"]
[White "Mehling, Franziska"]
[Black "Münch, Marlene"]
[Result "1/2-1/2"]
[Termination "normal"]
[Board "32"]
[WhiteElo "1542"]
[BlackElo "1839"]
[PlyCount "38"]
[WhiteFideId "12900133"]
[BlackFideId "24639222"]
[EventCountry "GER"]
[EventRounds "9"]
[EventType "swiss"]
[EventDate "2011.06.11"]

1. e4 e6 2. d4 d5 3. Nd2 Nc6 4. c3 dxe4 5. Nxe4 Nf6 6. Bd3 Nd5 7. Nf3 Bd7 8.
Qc2 h6 9. Bd2 f5 10. Ng3 Qe7 11. O-O-O O-O-O 12. Rde1 Qf7 13. Ne5 Nxe5 14. Rxe5
Bd6 15. Re2 Nf4 16. Bxf4 Bxf4+ 17. Kb1 Bc6 18. f3 Bd5 19. Qa4 Kb8 1/2-1/2

[Event "ODEM U25A 2011"]
[Site "Oberhof GER"]
[Date "2011.06.12"]
[Round "2"]
[White "Wissel, Daniel"]
[Black "Zeller, Lukas"]
[Result "1-0"]
[Termination "normal"]
[Board "33"]
[WhiteElo "1724"]
[BlackElo "1662"]
[PlyCount "53"]
[BlackFideId "1271152"]
[EventCountry "GER"]
[EventRounds "9"]
[EventType "swiss"]
[EventDate "2011.06.11"]

1. e4 c6 2. c4 e6 3. d4 d5 4. e5 Bb4+ 5. Nc3 Ne7 6. a3 Bxc3+ 7. bxc3 Qa5 8. Bd2
c5 9. Nf3 dxc4 10. Bxc4 Nbc6 11. O-O Qc7 12. Bd3 cxd4 13. cxd4 b6 14. Rc1 Bb7
15. Be4 Qd7 16. Be3 Nd5 17. Nd2 f6 18. Nc4 Ke7 19. Nd6 fxe5 20. dxe5 Nxe5 21.
Nxb7 Qxb7 22. Bf4 Kf6 23. Re1 Ng6 24. Qd4+ e5 25. Bxe5+ Nxe5 26. Bxd5 Qe7 27.
Qf4+ 1-0

[Event "ODEM U25A 2011"]
[Site "Oberhof GER"]
[Date "2011.06.12"]
[Round "2"]
[White "Wastian, Jan"]
[Black "Mann, Johannes"]
[Result "0-1"]
[Termination "normal"]
[Board "34"]
[WhiteElo "1524"]
[BlackElo "1785"]
[PlyCount "48"]
[WhiteFideId "12911640"]
[BlackFideId "24691380"]
[EventCountry "GER"]
[EventRounds "9"]
[EventType "swiss"]
[EventDate "2011.06.11"]

1. e4 c5 2. c3 d5 3. exd5 Qxd5 4. d4 Nf6 5. Nf3 Bg4 6. dxc5 Qxd1+ 7. Kxd1 Bxf3+
8. gxf3 Nbd7 9. b4 O-O-O 10. Kc2 g6 11. Bb2 Bg7 12. c4 Nb8 13. Bh3+ e6 14. Nd2
Nc6 15. Ne4 Nxe4 16. Bxg7 Rhg8 17. fxe4 Rxg7 18. Kc3 f5 19. Rhe1 Rgd7 20. Bf1
Rd2 21. exf5 exf5 22. Be2 Kc7 23. a3 R8d4 24. Rad1 Rxe2 0-1

[Event "ODEM U25A 2011"]
[Site "Oberhof GER"]
[Date "2011.06.12"]
[Round "2"]
[White "Orhan, Eda"]
[Black "Usczeck, Lukas"]
[Result "1-0"]
[Termination "normal"]
[Board "35"]
[WhiteElo "1759"]
[BlackElo "1524"]
[PlyCount "55"]
[WhiteFideId "24659258"]
[BlackFideId "12937827"]
[EventCountry "GER"]
[EventRounds "9"]
[EventType "swiss"]
[EventDate "2011.06.11"]

1. d4 Nf6 2. Nf3 d5 3. e3 Bf5 4. c4 e6 5. Nc3 c6 6. Be2 Nbd7 7. O-O Be7 8. b3
O-O 9. Bb2 h6 10. Bd3 Bxd3 11. Qxd3 Bd6 12. e4 dxe4 13. Nxe4 Nxe4 14. Qxe4 Nf6
15. Qc2 Be7 16. Ne5 Nd7 17. f4 Nxe5 18. fxe5 Bg5 19. Qf2 Be7 20. Rad1 Qb6 21.
Qg3 Rad8 22. Kh1 Qc7 23. Bc1 Kh8 24. Qg4 Rd7 25. Rf3 Qxe5 26. Rxf7 Rxd4 27.
Rxf8+ Bxf8 28. Qxd4 1-0

[Event "ODEM U25A 2011"]
[Site "Oberhof GER"]
[Date "2011.06.12"]
[Round "2"]
[White "Wissel, Florian"]
[Black "Dietrich, Franz"]
[Result "0-1"]
[Termination "normal"]
[Board "36"]
[WhiteElo "1676"]
[BlackElo "1509"]
[PlyCount "58"]
[BlackFideId "1270312"]
[EventCountry "GER"]
[EventRounds "9"]
[EventType "swiss"]
[EventDate "2011.06.11"]

1. d4 d5 2. Nf3 Nf6 3. c4 c6 4. Nc3 e6 5. Bg5 Be7 6. e3 Nbd7 7. Bd3 dxc4 8.
Bxc4 O-O 9. O-O a6 10. Rc1 b5 11. Bd3 c5 12. Bxf6 Nxf6 13. dxc5 Bxc5 14. Ne4
Bb6 15. Qc2 h6 16. Rfd1 Qe7 17. Nxf6+ Qxf6 18. Qc6 Rb8 19. Qd6 Bb7 20. e4 Ba7
21. e5 Qf4 22. Be2 Rfd8 23. Qxd8+ Rxd8 24. Rxd8+ Kh7 25. Re1 g5 26. g3 Qb4 27.
Rb1 Kg7 28. Rd7 Qe4 29. Re1 g4 0-1

[Event "ODEM U25A 2011"]
[Site "Oberhof GER"]
[Date "2011.06.12"]
[Round "2"]
[White "Leyrer, Thomas"]
[Black "Hoffmann, Tim"]
[Result "1/2-1/2"]
[Termination "normal"]
[Board "37"]
[WhiteElo "1609"]
[BlackElo "1673"]
[PlyCount "51"]
[WhiteFideId "12908274"]
[BlackFideId "12900338"]
[EventCountry "GER"]
[EventRounds "9"]
[EventType "swiss"]
[EventDate "2011.06.11"]

1. d4 Nf6 2. c4 c5 3. d5 e6 4. dxe6 fxe6 5. Bg5 Be7 6. Nc3 O-O 7. Nf3 a6 8. e3
Nc6 9. a3 d6 10. Be2 Qc7 11. O-O b6 12. Qc2 Bb7 13. Rad1 Rad8 14. h3 Ba8 15.
Bf4 Qc8 16. Rd2 Na5 17. b3 Bc6 18. Nh2 Nb7 19. Bf3 Bxf3 20. Nxf3 Qc6 21. Rfd1
Nh5 22. Ng5 Bxg5 23. Bxg5 Rd7 24. Qe4 Qxe4 25. Nxe4 h6 26. Bh4 1/2-1/2

[Event "ODEM U25A 2011"]
[Site "Oberhof GER"]
[Date "2011.06.12"]
[Round "2"]
[White "Winterholler, Christina"]
[Black "Allin, Alexander"]
[Result "1-0"]
[Termination "normal"]
[Board "38"]
[WhiteElo "1669"]
[BlackElo "1492"]
[PlyCount "81"]
[WhiteFideId "24652105"]
[BlackFideId "12903698"]
[EventCountry "GER"]
[EventRounds "9"]
[EventType "swiss"]
[EventDate "2011.06.11"]

1. e4 e5 2. Bc4 Nf6 3. Nc3 Nc6 4. d3 Bc5 5. f4 exf4 6. Bxf4 d6 7. h3 Be6 8. Bb3
h6 9. Nge2 Bb6 10. Qd2 Qd7 11. O-O-O O-O-O 12. Ba4 Qe8 13. Be3 Bd7 14. Bxb6
axb6 15. Nf4 Nd4 16. Bxd7+ Qxd7 17. Qe3 Ne6 18. Nfd5 Nxd5 19. Nxd5 Qb5 20. Rhf1
f6 21. Rf5 Qd7 22. d4 Rde8 23. g4 Kb8 24. e5 fxe5 25. dxe5 Ng5 26. Qa3 Nf7 27.
exd6 Nxd6 28. Nxb6 cxb6 29. Qxd6+ Qxd6 30. Rxd6 Re3 31. Rxb6 Rxh3 32. Rf7 Rh1+
33. Kd2 Rh2+ 34. Kc3 Rc8+ 35. Kb3 Rc7 36. Rxc7 Kxc7 37. Rg6 Rh3+ 38. c3 Kb8 39.
Rxg7 Ka7 40. g5 hxg5 41. Rxg5 1-0

[Event "ODEM U25A 2011"]
[Site "Oberhof GER"]
[Date "2011.06.12"]
[Round "2"]
[White "Schreiber, Justina"]
[Black "Müller, Max"]
[Result "1/2-1/2"]
[Termination "normal"]
[Board "39"]
[WhiteElo "1467"]
[BlackElo "1639"]
[PlyCount "138"]
[WhiteFideId "24661570"]
[BlackFideId "12900486"]
[EventCountry "GER"]
[EventRounds "9"]
[EventType "swiss"]
[EventDate "2011.06.11"]

1. e4 e6 2. d4 d5 3. exd5 exd5 4. Bf4 Nc6 5. Nf3 Nf6 6. Bd3 Bg4 7. Nbd2 Nxd4 8.
c3 Nxf3+ 9. Nxf3 Bxf3 10. Qxf3 Bd6 11. Bg5 Be7 12. O-O O-O 13. Rfe1 c6 14. Re2
Re8 15. Rae1 Qd7 16. Bf5 Qd6 17. Bxf6 Qxf6 18. Bxh7+ Kf8 19. Qxf6 Bxf6 20. Bd3
Rxe2 21. Rxe2 Re8 22. Rxe8+ Kxe8 23. g3 a5 24. a4 Kd7 25. Kf1 Kd6 26. Ke2 Kc5
27. Kd2 b5 28. b3 d4 29. cxd4+ Bxd4 30. f3 Kb4 31. Bc2 c5 32. Kd3 Bg1 33. h3
bxa4 34. bxa4 c4+ 35. Kd2 Bh2 36. g4 Bf4+ 37. Kd1 g5 38. Ke2 Kc3 39. Kd1 f6 40.
Bf5 Kb4 41. Bc2 c3 42. Ke2 Kc4 43. Kf2 Bd2 44. Ke2 Kb4 45. Kd1 Ka3 46. Ke2 Ka2
47. Kd1 Kb2 48. Bf5 Kb3 49. Bc2+ Kc4 50. Ke2 Kd4 51. Be4 Ke5 52. Kf1 Kf4 53.
Kf2 Bc1 54. Bf5 Ba3 55. Be4 Bc5+ 56. Ke2 Kg3 57. Kd3 Bb4 58. Kc4 Kxh3 59. Kb3
Kg3 60. Kc4 Kf4 61. Kd3 Ke5 62. Kc4 Kf4 63. Kd3 Kg3 64. Ke2 Bd6 65. Kd3 Be5 66.
Ke2 Kf4 67. Bf5 Bd4 68. Be4 Ke5 69. Kd3 c2 1/2-1/2

[Event "ODEM U25A 2011"]
[Site "Oberhof GER"]
[Date "2011.06.12"]
[Round "2"]
[White "Bieg, Pascal"]
[Black "Brühan, Caren"]
[Result "0-1"]
[Termination "normal"]
[Board "40"]
[WhiteElo "1841"]
[BlackElo "1637"]
[PlyCount "96"]
[WhiteFideId "12915645"]
[BlackFideId "24691976"]
[EventCountry "GER"]
[EventRounds "9"]
[EventType "swiss"]
[EventDate "2011.06.11"]

1. d4 d5 2. c4 e6 3. Nc3 Nf6 4. Bg5 Nbd7 5. e3 c6 6. Nf3 Bd6 7. Rc1 O-O 8. Qc2
dxc4 9. Bxc4 e5 10. O-O exd4 11. exd4 Nb6 12. Bb3 h6 13. Bh4 Bg4 14. Ne5 Bc8
15. f4 Be7 16. Rcd1 Ng4 17. Bxe7 Qxe7 18. Rde1 Qh4 19. g3 Qd8 20. Qd1 Nf6 21.
Rf2 Bf5 22. Bc2 Bxc2 23. Rxc2 Qd6 24. Rd2 Rad8 25. b3 Qb4 26. Re3 Rfe8 27. Red3
Re6 28. Nf3 Rde8 29. d5 Nbxd5 30. Nxd5 Nxd5 31. Nd4 Re1+ 32. Qxe1 Rxe1+ 33. Kf2
Re3 34. Nc2 Rxd3 35. Rxd3 Qc5+ 36. Nd4 Qc1 37. Nf3 Qa3 38. Rd2 Nb4 39. g4 Nxa2
40. g5 Qc5+ 41. Kg3 Nc3 42. Kg4 Qe7 43. h4 Qe6+ 44. Kh5 Qg6+ 45. Kg4 h5+ 46.
Kh3 Qf5+ 47. Kg2 Qg4+ 48. Kh2 Qxf3 0-1

[Event "ODEM U25A 2011"]
[Site "Oberhof GER"]
[Date "2011.06.13"]
[Round "3"]
[White "Figura, Atila Gajo"]
[Black "Zuferi, Enis"]
[Result "1/2-1/2"]
[Termination "normal"]
[Board "1"]
[WhiteTitle "FM"]
[WhiteElo "2364"]
[BlackElo "2009"]
[PlyCount "98"]
[WhiteFideId "4688058"]
[BlackFideId "24692530"]
[EventCountry "GER"]
[EventRounds "9"]
[EventType "swiss"]
[EventDate "2011.06.11"]

1. e4 d5 2. exd5 Qxd5 3. Nc3 Qd6 4. d4 Nf6 5. Nf3 Bf5 6. Ne5 e6 7. Bf4 Qd8 8.
g4 Bg6 9. Bg2 c6 10. h4 Bb4 11. f3 Qa5 12. O-O Bxc3 13. Nc4 Qb4 14. Nd6+ Ke7
15. bxc3 Qxc3 16. Ne4 Nxe4 17. fxe4 h5 18. Rb1 b6 19. Rb3 Qc4 20. Re3 Nd7 21.
gxh5 Rxh5 22. Qd2 Rd8 23. Bf3 Rh7 24. Qh2 Rdh8 25. d5 e5 26. Bxe5 Rxh4 27. Bd6+
Kd8 28. Qg2 Qd4 29. Rfe1 cxd5 30. exd5 Re8 31. c3 Rxe3 32. cxd4 Rxe1+ 33. Kf2
Rhh1 34. Qg5+ f6 35. Qxg6 Rhf1+ 36. Kg3 Rg1+ 37. Bg2 Re2 38. Qf7 Rgxg2+ 39. Kh3
Rg5 40. Qg8+ Re8 41. Bc7+ Kxc7 42. Qxe8 Rxd5 43. Qe4 Rh5+ 44. Kg2 Ra5 45. a4 g5
46. Qe6 Rxa4 47. d5 Ra2+ 48. Kg3 Ra3+ 49. Kg2 Ra2+ 1/2-1/2

[Event "ODEM U25A 2011"]
[Site "Oberhof GER"]
[Date "2011.06.13"]
[Round "3"]
[White "Tomaszewska, Luiza"]
[Black "ten Hagen, Yorick"]
[Result "0-1"]
[Termination "normal"]
[Board "2"]
[WhiteElo "1994"]
[BlackElo "2197"]
[PlyCount "40"]
[WhiteFideId "1171089"]
[BlackFideId "1020072"]
[EventCountry "GER"]
[EventRounds "9"]
[EventType "swiss"]
[EventDate "2011.06.11"]

1. e4 c5 2. Nf3 g6 3. d4 cxd4 4. Nxd4 Nc6 5. Nxc6 bxc6 6. Qd4 Nf6 7. e5 Nd5 8.
e6 Nf6 9. exf7+ Kxf7 10. Bd3 Bg7 11. O-O d5 12. c4 Re8 13. f4 Ng4 14. Qc5 Qd6
15. Qa5 Bd4+ 16. Kh1 Nf2+ 17. Rxf2 Bxf2 18. Qd2 Bb6 19. b4 dxc4 20. Bxc4+ Be6
0-1

[Event "ODEM U25A 2011"]
[Site "Oberhof GER"]
[Date "2011.06.13"]
[Round "3"]
[White "Gölz, Daniel"]
[Black "Siebarth, Marco"]
[Result "1/2-1/2"]
[Termination "normal"]
[Board "3"]
[WhiteElo "2103"]
[BlackElo "2034"]
[PlyCount "152"]
[WhiteFideId "24626325"]
[BlackFideId "24604330"]
[EventCountry "GER"]
[EventRounds "9"]
[EventType "swiss"]
[EventDate "2011.06.11"]

1. e4 c5 2. c3 d5 3. exd5 Qxd5 4. d4 Nf6 5. Na3 cxd4 6. Nb5 Na6 7. Nxd4 Nc7 8.
Ngf3 e5 9. Qe2 e4 10. Bf4 Ne6 11. Nxe6 Bxe6 12. Nd4 a6 13. Nxe6 Qxe6 14. Qc4
Rc8 15. Qxe6+ fxe6 16. Be2 Bc5 17. b4 Bb6 18. c4 Bd4 19. Rc1 e5 20. Bg5 Kf7 21.
O-O h6 22. Bd2 Rhd8 23. Rfd1 h5 24. h3 g6 25. Bg5 Rd7 26. Re1 Nh7 27. Bh6 Kf6
28. Bd1 Rdc7 29. Be2 g5 30. h4 e3 31. f3 Kg6 32. Bxg5 Nxg5 33. hxg5 Kxg5 34. g3
Rh8 35. Red1 Rd8 36. Kg2 Rcd7 37. Rh1 Rh8 38. Rcd1 h4 39. c5 Rdh7 40. f4+ Kf6
41. g4 Rd7 42. Rhf1 e4 43. g5+ Kf5 44. Kh3 Rdd8 45. a4 Bc3 46. Bg4+ Kg6 47.
Rd6+ Rxd6 48. cxd6 Bxb4 49. d7 Bd2 50. Rb1 b5 51. axb5 axb5 52. Rxb5 e2 53.
Rb6+ Kg7 54. Bxe2 Bxf4 55. Kg4 Bc7 56. Rc6 Bd8 57. Bf1 Kf7 58. Kf5 h3 59. Rf6+
Bxf6 60. gxf6 Rd8 61. Bxh3 e3 62. Bg4 Rxd7 63. Ke4 Rd6 64. Kxe3 Kxf6 65. Ke4
Ra6 66. Kd3 Ke5 67. Bh5 Ra4 68. Kc3 Kd5 69. Kb3 Rh4 70. Bf7+ Kc5 71. Kb2 Kb4
72. Ba2 Rf4 73. Ka1 Rf2 74. Bb1 Ka3 75. Bg6 Kb3 76. Be4 Rf1+ 1/2-1/2

[Event "ODEM U25A 2011"]
[Site "Oberhof GER"]
[Date "2011.06.13"]
[Round "3"]
[White "Rudenok, Tatiana"]
[Black "Mazarov, Jürgen"]
[Result "0-1"]
[Termination "normal"]
[Board "4"]
[WhiteElo "1980"]
[BlackElo "2153"]
[PlyCount "50"]
[WhiteFideId "4123379"]
[BlackFideId "24617768"]
[EventCountry "GER"]
[EventRounds "9"]
[EventType "swiss"]
[EventDate "2011.06.11"]

1. e4 c5 2. Nc3 a6 3. a4 e6 4. g3 b6 5. Bg2 Bb7 6. d3 d5 7. f4 dxe4 8. dxe4
Qxd1+ 9. Nxd1 Nf6 10. Nc3 Nc6 11. e5 Nd7 12. Be3 Be7 13. O-O-O O-O-O 14. Nge2
Nb4 15. Bxb7+ Kxb7 16. Rd2 Nb8 17. Rhd1 N8c6 18. a5 b5 19. Ne4 Rxd2 20. Rxd2 c4
21. Bc5 Bxc5 22. Nxc5+ Kc8 23. Rd7 Rd8 24. Rxf7 Na2+ 25. Kb1 Rd1+ 0-1

[Event "ODEM U25A 2011"]
[Site "Oberhof GER"]
[Date "2011.06.13"]
[Round "3"]
[White "Schirrmacher, Carsten"]
[Black "Krause, Jonah"]
[Result "1-0"]
[Termination "normal"]
[Board "5"]
[WhiteElo "2067"]
[BlackElo "1911"]
[PlyCount "67"]
[WhiteFideId "24610445"]
[BlackFideId "12907910"]
[EventCountry "GER"]
[EventRounds "9"]
[EventType "swiss"]
[EventDate "2011.06.11"]

1. e4 c6 2. d4 d5 3. exd5 cxd5 4. c4 Nf6 5. Nc3 e6 6. Nf3 Bb4 7. a3 Be7 8. cxd5
Nxd5 9. Bc4 Nc6 10. O-O O-O 11. Re1 Bf6 12. Ne4 Be7 13. Qd3 h6 14. Bb3 Re8 15.
Bc2 f5 16. Nc3 Bf6 17. Bb3 Rf8 18. Nxd5 exd5 19. Bf4 a6 20. Ne5 Na5 21. Ba2 b5
22. Qf3 Nc4 23. Nxc4 bxc4 24. Bxc4 dxc4 25. Qxa8 Qxd4 26. Be3 Qxb2 27. Qd5+ Kh7
28. Qxc4 Qxa1 29. Rxa1 Bxa1 30. h4 Bf6 31. h5 Rd8 32. Qf7 Be5 33. g3 Bd7 34.
Bb6 1-0

[Event "ODEM U25A 2011"]
[Site "Oberhof GER"]
[Date "2011.06.13"]
[Round "3"]
[White "Pererva, Viktor"]
[Black "Nötzel, Felix"]
[Result "1/2-1/2"]
[Termination "normal"]
[Board "6"]
[WhiteElo "1956"]
[BlackElo "2042"]
[PlyCount "152"]
[WhiteFideId "24696463"]
[BlackFideId "24637416"]
[EventCountry "GER"]
[EventRounds "9"]
[EventType "swiss"]
[EventDate "2011.06.11"]

1. e4 e5 2. Nf3 Nc6 3. Bb5 f5 4. d3 Nf6 5. O-O fxe4 6. dxe4 Bc5 7. Nc3 d6 8.
Qe2 Bg4 9. Be3 Bb6 10. Bxb6 axb6 11. Rad1 Bxf3 12. Qxf3 O-O 13. Qd3 Kh8 14. Bc4
Nh5 15. Ne2 Qg5 16. Qd2 Qg6 17. Qe3 Nf4 18. Nxf4 Rxf4 19. f3 Raf8 20. c3 Ne7
21. Bd5 Nxd5 22. Rxd5 Qh5 23. Rf2 g5 24. Rd3 g4 25. Qe2 gxf3 26. Rdxf3 Qg5 27.
Qe3 Rxf3 28. Rxf3 Qxe3+ 29. Rxe3 Rf4 30. g3 Rf6 31. Kg2 b5 32. Rf3 Kg7 33. g4
c6 34. Rf5 Re6 35. Kf3 d5 36. h4 b6 37. b3 d4 38. cxd4 exd4 39. b4 Rd6 40. Ke2
d3+ 41. Kd2 Rd4 42. Rg5+ Kf6 43. a3 h6 44. Rg8 c5 45. Rb8 c4 46. Rxb6+ Ke7 47.
Rxb5 c3+ 48. Kxc3 d2 49. Kxd4 d1=Q+ 50. Kc4 Qc2+ 51. Kd4 Qb2+ 52. Kc4 Qxa3 53.
Re5+ Kf6 54. Rf5+ Ke6 55. h5 Qe3 56. Rc5 Qxe4+ 57. Kb3 Qxg4 58. Kc3 Qd1 59. Kc4
Kd6 60. Kb5 Qb3 61. Ka5 Qa3+ 62. Kb5 Qa2 63. Rc6+ Kd5 64. Rxh6 Qc4+ 65. Ka5 Qc8
66. b5 Qb7 67. Rc6 Qa7+ 68. Kb4 Qd4+ 69. Ka5 Qa1+ 70. Kb4 Qb2+ 71. Ka5 Qa2+ 72.
Kb4 Qa7 73. h6 Qa8 74. Rc5+ Kd6 75. Rc6+ Kd5 76. Rc5+ Kd6 1/2-1/2

[Event "ODEM U25A 2011"]
[Site "Oberhof GER"]
[Date "2011.06.13"]
[Round "3"]
[White "von Meijenfeldt, Bart"]
[Black "Weber, Max"]
[Result "0-1"]
[Termination "normal"]
[Board "7"]
[WhiteElo "2149"]
[BlackElo "2023"]
[PlyCount "92"]
[WhiteFideId "1032259"]
[BlackFideId "4624831"]
[EventCountry "GER"]
[EventRounds "9"]
[EventType "swiss"]
[EventDate "2011.06.11"]

1. e4 e6 2. d4 d5 3. Nc3 Nf6 4. e5 Nfd7 5. f4 c5 6. Nce2 Nc6 7. Nf3 Qb6 8. c3
f6 9. g3 cxd4 10. Nexd4 Nxd4 11. cxd4 fxe5 12. fxe5 Bb4+ 13. Kf2 Nb8 14. Kg2
Bd7 15. Bd3 Nc6 16. Be3 Be7 17. Qb1 O-O-O 18. Rc1 Kb8 19. b4 Nxb4 20. Bxh7 Qa6
21. Bf2 Bb5 22. Rc3 Rc8 23. Be1 Bf1+ 24. Kg1 Qe2 25. Rxc8+ Kxc8 26. Bf2 Qxf3
27. Kxf1 Rf8 28. Qe1 Qh1+ 29. Ke2 Qf3+ 30. Kf1 Qh1+ 31. Ke2 Rxf2+ 32. Kxf2
Qxh2+ 33. Kf3 Qxh7 34. a3 Qd3+ 35. Kg2 Nc6 36. Rd1 Qxa3 37. Qf2 Qb3 38. Rd2 Qb1
39. Rc2 Kd7 40. Kh2 Qd1 41. Rb2 b6 42. Ra2 a5 43. Rd2 Qh5+ 44. Kg2 Qf5 45. Qg1
Qe4+ 46. Kh2 Bg5 0-1

[Event "ODEM U25A 2011"]
[Site "Oberhof GER"]
[Date "2011.06.13"]
[Round "3"]
[White "van gen Hassend, Max"]
[Black "Bivol, Alina"]
[Result "1-0"]
[Termination "normal"]
[Board "8"]
[WhiteElo "1988"]
[BlackElo "2137"]
[PlyCount "49"]
[WhiteFideId "12934569"]
[BlackFideId "4100123"]
[EventCountry "GER"]
[EventRounds "9"]
[EventType "swiss"]
[EventDate "2011.06.11"]

1. e4 e6 2. d4 d5 3. Nc3 Bb4 4. e5 c5 5. Qg4 Ne7 6. dxc5 Nbc6 7. Bd2 O-O 8. f4
Nf5 9. O-O-O Qa5 10. Kb1 Qxc5 11. Bd3 Bd7 12. Nf3 h6 13. Qh5 g6 14. Qh3 Kg7 15.
g4 Ne3 16. f5 exf5 17. gxf5 Bxf5 18. Bxf5 Nxf5 19. Nh4 Nce7 20. Nxf5+ Nxf5 21.
Rhg1 Bxc3 22. Bxc3 d4 23. Qxf5 dxc3 24. Qf6+ Kh7 25. Rxg6 1-0